Cisco Digital Network Architecture: (Record no. 185572)

MARC details
000 -LEADER
fixed length control field 00773nam a22002177a 4500
005 - DATE AND TIME OF LATEST TRANSACTION
control field 20220204115543.0
010 ## - LCCN (DPL NO)
LC control number ENG-131404
020 ## - INTERNATIONAL STANDARD BOOK NUMBER
International Standard Book Number 9788194282563
Terms of availability 1049.00
035 ## - SYSTEM CONTROL NUMBER
System control number EN-114936
037 ## - SOURCE OF ACQUISITION
Source of stock number/acquisition DBAD
082 ## - DEWEY DECIMAL CLASSIFICATION NUMBER
Classification number 004.65
100 ## - MAIN ENTRY--PERSONAL NAME
Personal name Szigeti, Tim
245 ## - TITLE STATEMENT
Title Cisco Digital Network Architecture:
Remainder of title Intent-based Networking for the Enterprise/
Statement of responsibility, etc Tim Szigeti, David Zacks, Matthias Falkner, Simone Arena
260 ## - PUBLICATION, DISTRIBUTION, ETC. (IMPRINT)
Place of publication, distribution, etc Uttar Pradesh
Name of publisher, distributor, etc Pearson India Education Services Pvt. Ltd
Date of publication, distribution, etc 2022
270 ## - ADDRESS
Address 15th Floor, Tower-B, World Trade Tower, Plot No. 1, Block-C, Sector 16,
City Noida
Postal code 201301
300 ## - PHYSICAL DESCRIPTION
Extent 753p.
Dimensions 24cm(pbk)
700 ## - ADDED ENTRY--PERSONAL NAME
Personal name Zacks, David
700 ## - ADDED ENTRY--PERSONAL NAME
Personal name Falkner, Matthias
700 ## - ADDED ENTRY--PERSONAL NAME
Personal name Arena, Simone
942 ## - ADDED ENTRY ELEMENTS (KOHA)
Source of classification or shelving scheme Dewey Decimal Classification
Item type English Books
Classification part 004.65
Call number suffix SZI
Holdings
Withdrawn status Lost status Not for loan Collection code Home library Current library Date acquired Source of acquisition Cost, normal purchase price Full call number Barcode Copy number Cost, replacement price Koha item type
      Non-fiction Ashok Vihar Ashok Vihar 04/02/2022 DBAD/PUB 1049.00 004.65 SZI EN-114936 1 1049.00 English Books

© Delhi Public Library
Hit Counter
free hit counter